Quick math quiz only a short - quiz 19 - Statistics

General Stats
  • This quiz has been taken 26 times
  • The average score is 16 of 20
Answer Stats
Hint Answer % Correct
358 : 2 = 179
100%
524 262
91%
688 344
91%
846 423
91%
88 44
91%
944 472
91%
970 485
91%
124 62
91%
390 195
86%
60 30
86%
1248 624
86%
812 406
82%
298 149
77%
568 284
77%
666 333
77%
1148 574
73%
678 339
68%
1296 648
64%
498 249
64%
776 388
64%
No matching quizzes found
Score Distribution
Percent of People with Each Score
Percentile by Number Answered
Your Score History
You have not taken this quiz